000 00684nam a2200229Ia 4500
003 OSt
005 20220925224242.0
006 a|||||r|||| 00| 0
007 ta
008 220923b |||||||| |||| 00| 0 eng d
037 _cGeneral Book
040 _aRTL
_cRTL
_beng
041 _2eng
_aeng
082 _aY:1:(V), K0
100 _aBarbu Zevedei
_9131609
245 0 _aProblems of historical psychology
260 _aLondon
_bRoutledge & Kegan Paul
_c1960
300 _ax,222p
_ccm.
490 _aInternational Library of Sociology and Social Reconstruction. Ed by W J H Sprott
942 _hY:1:(V), K0
_cGB
_2CC
999 _c581153
_d581153